000 01003nmm a2200277 a 4500
001 ocm000578196
003 TR-IsHL
005 20201028121839.0
008 131028s2003 tu tur
007 cr cn
020 _a9789944600903
035 _a578196
_b(N$T)
050 0 4 _aSB605.T9
_bT87 2003
090 0 4 _aSB605.T9
_bT87 2003
245 1 0 _aTürkiye'de bakliyat üretimindeki sorunların çözümü ve dışa bağımlılığı azaltacak politikaların geliştirilmesi
_h[electronic resource] /
_chaz. Okan Gaytancıoğlu...[ve öte.]
250 _a1. bs.
260 _aİstanbul :
_bİstanbul Ticaret Odası,
_c2003
300 _a120 p.
650 4 _aEkonomi ve Finans
650 4 _aEconomics and Finance
650 0 _aKuru bakliyat
_x Türkiye
650 0 _aDried beans
_x Turkey
650 7 _aSOCIAL SCIENCE / Agriculture & Food
_2bisacsh
700 1 _aGaytancıoğlu, Okan
856 4 0 _uhttp://search.ebscohost.com/login.aspx?direct=true&scope=site&db=e011xww&AN=578196
999 _c1549
_d1549